Làm việc theo nhóm
שמור ב:
| מחבר ראשי: | |
|---|---|
| פורמט: | ספר |
| יצא לאור: |
Tp. Hồ Chí Minh
Trẻ
2007
|
| נושאים: | |
| תגים: |
הוספת תג
אין תגיות, היה/י הראשונ/ה לתייג את הרשומה!
|
| Thư viện lưu trữ: | Trung tâm Học liệu Lê Vũ Hùng, Trường Đại học Đồng Tháp |
|---|
| LEADER | 00794pam a22003138a 4500 | ||
|---|---|---|---|
| 001 | 00035761 | ||
| 005 | 20171026081025.0 | ||
| 008 | 161228s2007 ||||||Viesd | ||
| 020 | # | # | |c 13500 |
| 041 | 0 | # | |a Vie |
| 082 | 1 | 4 | |a 361.4 |b L104V |
| 100 | 1 | # | |a Nguyễn, Thị Oanh |
| 245 | 0 | 0 | |a Làm việc theo nhóm |c Nguyễn Thị Oanh |
| 260 | # | # | |a Tp. Hồ Chí Minh |b Trẻ |c 2007 |
| 300 | # | # | |a 106tr. |c 19cm. |
| 653 | # | # | |a Con người |
| 653 | # | # | |a Hoạt động |
| 653 | # | # | |a Nhóm |
| 653 | # | # | |a Tình huống |
| 852 | # | # | |b Kho đọc |j KD.0019266 |
| 852 | # | # | |j KD.0019266 |
| 910 | 0 | # | |d 28/12/2016 |
| 980 | # | # | |a Trung tâm Học liệu Lê Vũ Hùng, Trường Đại học Đồng Tháp |